[Event "Bucharest Gaudeamus Cup 3rd"]
[Site "Bucharest"]
[Date "2011.06.18"]
[Round "3"]
[White "Stilpeanu, Nicolae"]
[Black "Pirvulescu, Adrian"]
[Result "0-1"]
[WhiteElo "1734"]
[BlackElo "1946"]
[PlyCount "157"]
[EventDate "2011.06.17"]
[EventType "swiss"]
[EventRounds "5"]
[EventCountry "ROU"]
[SourceTitle "CBM 143 Extra"]
[Source "ChessBase"]
[SourceDate "2011.08.29"]
[SourceVersion "1"]
[SourceVersionDate "2011.08.29"]
[SourceQuality "1"]

1. e4 c5 2. Nf3 Nc6 3. d4 cxd4 4. Nxd4 e6 5. Nxc6 bxc6 6. Be2 Nf6 7. Nc3 Bb4 8. Bg5 Bxc3+ 9. bxc3 Qa5 10. Bxf6 gxf6 11. Qd4 Qg5 12. 0-0 Rg8 13. Bf3 Qf4 14. Be2 Bb7 15. Rfd1 Rd8 16. f3 Qg5 17. Bf1 c5 18. Qf2 Qe5 19. Rab1 Bc6 20. c4 f5 21. exf5 Qxf5 22. Kh1 Rg5 23. Qe3 Qf6 24. a3 Qe7 25. Qc3 f6 26. Rd2 Kf7 27. Qd3 f5 28. Qe3 Rdg8 29. c3 h5 30. Rbb2 h4 31. h3 Rg3 32. Rf2 e5 33. Qh6 Qf6 34. Qxf6+ Kxf6 35. Kh2 Ke6 36. Rb1 e4 37. fxe4 Bxe4 38. Rbb2 Rxc3 39. Ra2 Ke5 40. a4 Rgg3 41. Rad2 d6 42. Rb2 Rb3 43. Rbd2 Ra3 44. Rb2 Rab3 45. Rbd2 Ra3 46. Rb2 Rg8 47. Rbd2 Rxa4 48. Rb2 Rb4 49. Ra2 Rg7 50. Ra6 Rb6 51. Ra5 Rgb7 52. Rd2 Rb1 53. Be2 R1b2 54. Ra2 Rxd2 55. Rxd2 Rg7 56. Bf1 Rg3 57. Ra2 Rg7 58. Rd2 Rd7 59. Rd1 a5 60. Ra1 Ra7 61. Ra3 a4 62. Be2 Rg7 63. Bf1 Bc2 64. Ra1 Rg3 65. Rc1 Bd3 66. Bxd3 Rxd3 67. Ra1 a3 68. Ra2 Kd4 69. Rf2 Kxc4 70. Rxf5 a2 71. Rf1 Kb3 72. Kg1 c4 73. Kf2 Kb2 74. Ke2 a1Q 75. Rxa1 Kxa1 76. Kf2 c3 77. Ke2 Rd2+ 78. Ke3 d5 79. g4 0-1

[Event "Bucharest Gaudeamus Cup 3rd"]
[Site "Bucharest"]
[Date "2011.06.17"]
[Round "1"]
[White "Trancioveanu, Robert"]
[Black "Pirvulescu, Adrian"]
[Result "0-1"]
[WhiteElo "1523"]
[BlackElo "1946"]
[PlyCount "46"]
[EventDate "2011.06.17"]
[EventType "swiss"]
[EventRounds "5"]
[EventCountry "ROU"]
[SourceTitle "CBM 143 Extra"]
[Source "ChessBase"]
[SourceDate "2011.08.29"]
[SourceVersion "1"]
[SourceVersionDate "2011.08.29"]
[SourceQuality "1"]

1. e4 c5 2. c3 d5 3. Bb5+ Nc6 4. exd5 Qxd5 5. Nf3 Bg4 6. Be2 e5 7. d3 Nf6 8. 0-0 Be7 9. Bg5 0-0 10. Nbd2 Bf5 11. Nb3 Rad8 12. Nc1 Rfe8 13. Nh4 Bc8 14. Re1 e4 15. Bxf6 Bxf6 16. g3 Bxh4 17. gxh4 Bh3 18. Bf1 Bxf1 19. Rxf1 exd3 20. f3 Ne5 21. b3 d2 22. Ne2 Nxf3+ 23. Kf2 Nxh4 0-1